| 000 | 00488cam a2200181 i 4500 | ||
|---|---|---|---|
| 005 | 20260406115349.0 | ||
| 008 | 250721s1993 xxk gr 000 f eng d | ||
| 020 | _a0316905097 | ||
| 082 | 1 | 4 |
_aF _bL I N |
| 100 | 1 |
_alinscott, gillian _eauthor. |
|
| 245 | 1 | 0 |
_aStage Fright / _cgillian linscott. |
| 250 | _afirst edition. | ||
| 264 | 3 | 1 |
_aLONDON : _bLITTLE,BROWN AND COMPANY, _c1993. |
| 300 | _a188 Pages. | ||
| 650 | 1 | 7 | _aFICTION. |
| 942 |
_2ddc _cBK |
||
| 999 |
_c113416 _d113416 |
||